Statistics for Guess the 1970s song lyrics #315

Click here to take the quiz!

General Stats

  • This quiz has been taken 10 times
  • The average score is 57 of 160

Answer Stats

Answer% Correct
I
80%
you
80%
a
70%
and
60%
love
60%
the
60%
To
60%
to
60%
black
50%
gonna
50%
had
50%
He
50%
he
50%
her
50%
his
50%
in
50%
no
50%
She
50%
was
50%
what
50%
When
50%
when
50%
as
40%
brown
40%
from
40%
home
40%
if
40%
it
40%
know
40%
meet
40%
night
40%
on
40%
sugar
40%
they
40%
took
40%
where
40%
white
40%
you're
40%
could
30%
cry
30%
fight
30%
Lou-I
30%
Louie
30%
or
30%
than
30%
There
30%
whiter
30%
Ain't
20%
bad
20%
best
20%
come
20%
danger
20%
Danger
20%
difference
20%
fell
20%
girl
20%
good
20%
just
20%
knew
20%
Knowing
20%
mama
20%
mean
20%
papa
20%
right
20%
scene
20%
stood
20%
taste
20%
terrible
20%
what's
20%
Brothers
10%
caused
10%
dream
10%
Man
10%
nearly
10%
Nothing
10%
overnight
10%
Wishin
10%
wrong
10%

Score Distribution

Percentile by Number Answered

Percent of People with Each Score

Your Score History

You have not taken this quiz